Manga messengers : (Record no. 13817)

000 -LEADER
fixed length control field 00718nam a2200169 4500
020 ## - ISBN
ISBN 9780984434947
082 ## - DEWEY DECIMAL CLASSIFICATION NUMBER
Classification number 220.958 A9865m 2011
100 ## - MAIN ENTRY--PERSONAL NAME
Personal name Azumi, Ryo
245 ## - TITLE STATEMENT
Title Manga messengers :
Remainder of title Do they bring us words of life... or death? /
Statement of responsibility, etc. script writer & artist, Ryo Azumi ; art director, Ai Kunii ; English editor, Joshua Ginter ; supervisors, Akiko Murooka, Kenji ; coordinator, Ayako Mosaku
260 ## - PUBLICATION, DISTRIBUTION, ETC. (IMPRINT)
Place of publication, distribution, etc. Japan
Name of publisher, distributor, etc. NEXT
Date of publication, distribution, etc. c2011
300 ## - PHYSICAL DESCRIPTION
Extent/Page number 282 pages :
Other physical details chiefly color illustrations ;
Dimensions 20.5 cm.
526 ## - STUDY PROGRAM INFORMATION NOTE
PROGRAM TYPE Religion (men’s faith)
SUB-PROGRAM TYPE Bible
650 ## - SUBJECT ADDED ENTRY--TOPICAL TERM
Topical term or geographic name as entry element Comic books, strips, etc. -- Religious aspects
650 ## - SUBJECT ADDED ENTRY--TOPICAL TERM
Topical term or geographic name as entry element Bible stories, English -- Old Testament
650 ## - SUBJECT ADDED ENTRY--TOPICAL TERM
Topical term or geographic name as entry element Christian life -- Juvenile literature
942 ## - ADDED ENTRY ELEMENTS
Classification
Item type Book
Holdings
Withdrawn status Lost status Source of classification or shelving scheme Damaged status Not for loan Collection code Permanent Location Current Location Shelving location Date acquired Source of acquisition Cost, normal purchase price Full call number Barcode Date last seen Cost, replacement price Price effective from Item type
          Circulation Grade School Library Grade School Library Circulation 2026-02-04 MIBF 395.00 220.958 A9865m 2011 GS5746 2026-02-04 700.00 2026-02-04 Book